Coṇawīṃ Kashamiri kawita. (Record no. 66049)

MARC details
000 -LEADER
fixed length control field 00639cam a22002411 4500
001 - CONTROL NUMBER
control field sa 65009169
003 - CONTROL NUMBER IDENTIFIER
control field DLC
005 - DATE AND TIME OF LATEST TRANSACTION
control field 20260227112200.0
008 - FIXED-LENGTH DATA ELEMENTS--GENERAL INFORMATION
fixed length control field 890602s1965 ii 000 0 pano
010 ## - LIBRARY OF CONGRESS CONTROL NUMBER
LC control number sa 65009169
035 ## - SYSTEM CONTROL NUMBER
System control number (OCoLC)19806990
040 ## - CATALOGING SOURCE
Original cataloging agency DLC
Transcribing agency WaU
Modifying agency DLC
041 1# - LANGUAGE CODE
Language code of text/sound track or separate title pan
Language code of original kas
042 ## - AUTHENTICATION CODE
Authentication code premarc
050 00 - LIBRARY OF CONGRESS CALL NUMBER
Classification number PK7037
Item number .A9
100 1# - MAIN ENTRY--PERSONAL NAME
Personal name Azad, Harbans Singh,
Dates associated with a name 1920-
245 10 - TITLE STATEMENT
Title Coṇawīṃ Kashamiri kawita.
260 ## - PUBLICATION, DISTRIBUTION, ETC.
Date of publication, distribution, etc. [1965]
300 ## - PHYSICAL DESCRIPTION
Extent 124 p.
Dimensions 24 cm.
500 ## - GENERAL NOTE
General note In Panjabi.
650 #0 - SUBJECT ADDED ENTRY--TOPICAL TERM
Topical term or geographic name entry element Kashmiri poetry
General subdivision Translations into Panjabi.
650 #0 - SUBJECT ADDED ENTRY--TOPICAL TERM
Topical term or geographic name entry element Panjabi poetry
General subdivision Translations into Kashmiri.

No items available.

Powered by Koha